[Event "Mitropa Cup 29th"]
[Site "Chur"]
[Date "2010.05.30"]
[Round "2"]
[White "Brunello, Sabino"]
[Black "Saric, Ante"]
[Result "1/2-1/2"]
[WhiteElo "2467"]
[BlackElo "2489"]
[PlyCount "106"]
[EventDate "2010.05.29"]
[EventType "team-tourn"]
[EventRounds "9"]
[EventCountry "SUI"]
[Source "ChessBase"]
[SourceDate "2010.07.02"]
[WhiteTeam "Italy"]
[BlackTeam "Croatia"]
[WhiteTeamCountry "ITA"]
[BlackTeamCountry "CRO"]

1. d4 Nf6 2. c4 e6 3. g3 d5 4. Nf3 dxc4 5. Bg2 c5 6. O-O Nc6 7. dxc5 Qxd1 8.
Rxd1 Bxc5 9. Nbd2 c3 10. bxc3 O-O 11. Nb3 Be7 12. Nfd4 Bd7 13. Nxc6 Bxc6 14.
Bxc6 bxc6 15. c4 a5 16. f3 a4 17. Nd4 Bc5 18. Kf1 Rfd8 19. Bb2 Rd6 20. Nc2 Rad8
21. Rxd6 Rxd6 22. Ne1 Nd7 23. Nd3 Bd4 24. Rb1 h6 25. Bxd4 Rxd4 26. Rb4 a3 27.
Kf2 e5 28. Ra4 f6 29. Ra8+ Kf7 30. c5 Rc4 31. Ra5 Ke6 32. Ke3 g5 33. Ra6 Kd5
34. Rxa3 e4 35. Nf2 Nxc5 36. fxe4+ Nxe4 37. Rd3+ Ke5 38. Ng4+ Ke6 39. Nxh6 Nc3
40. g4 Nxa2 41. Kf3 Rf4+ 42. Kg3 Nb4 43. Re3+ Kd7 44. h4 Nd5 45. hxg5 fxg5 46.
Re5 Rf6 47. Nf5 Re6 48. Rxe6 Kxe6 49. Nd4+ Ke5 50. Nxc6+ Ke4 51. Nd8 Nc3 52.
Ne6 Nxe2+ 53. Kf2 Nd4 1/2-1/2

[Event "Mitropa Cup 29th"]
[Site "Chur"]
[Date "2010.05.30"]
[Round "2"]
[White "Martinovic, Sasa"]
[Black "Vocaturo, Daniele"]
[Result "0-1"]
[WhiteElo "2515"]
[BlackElo "2493"]
[PlyCount "90"]
[EventDate "2010.05.29"]
[EventType "team-tourn"]
[EventRounds "9"]
[EventCountry "SUI"]
[Source "ChessBase"]
[SourceDate "2010.07.02"]
[WhiteTeam "Croatia"]
[BlackTeam "Italy"]
[WhiteTeamCountry "CRO"]
[BlackTeamCountry "ITA"]

1. d4 Nf6 2. c4 c5 3. d5 d6 4. Nc3 g6 5. e4 Bg7 6. Nf3 O-O 7. Bd3 e6 8. h3 exd5
9. exd5 Re8+ 10. Be3 Bh6 11. O-O Bxe3 12. fxe3 Qe7 13. e4 Nbd7 14. Qd2 Rf8 15.
Bc2 Nh5 16. g4 Ng7 17. Rf2 Ne5 18. Nxe5 Qxe5 19. Qf4 f6 20. Ba4 Qxf4 21. Rxf4
Kf7 22. Raf1 Ke7 23. R4f2 b6 24. Bc6 Rb8 25. Nb5 Ba6 26. a4 Bxb5 27. axb5 Rbc8
28. b4 cxb4 29. Ra1 Rc7 30. Rfa2 f5 31. exf5 gxf5 32. Rxa7 Rxa7 33. Rxa7+ Kf6
34. Ra4 fxg4 35. hxg4 Ke5 36. Rxb4 Rf4 37. Bd7 Rf7 38. Bc6 Rf4 39. Bd7 Rf7 40.
Bc6 Kd4 41. Kg2 h5 42. gxh5 Nxh5 43. Be8 Nf4+ 44. Kg3 Rf8 45. Bc6 Nd3 0-1

[Event "Mitropa Cup 29th"]
[Site "Chur"]
[Date "2010.05.30"]
[Round "2"]
[White "Baramidze, David"]
[Black "Talla, Vladimir"]
[Result "1/2-1/2"]
[WhiteElo "2534"]
[BlackElo "2505"]
[PlyCount "59"]
[EventDate "2010.05.29"]
[EventType "team-tourn"]
[EventRounds "9"]
[EventCountry "SUI"]
[Source "ChessBase"]
[SourceDate "2010.07.02"]
[WhiteTeam "Germany"]
[BlackTeam "Czech Republic"]
[WhiteTeamCountry "GER"]
[BlackTeamCountry "CZE"]

1. Nf3 Nf6 2. c4 g6 3. g3 Bg7 4. d4 O-O 5. Bg2 c6 6. O-O d5 7. b3 a5 8. Nc3 Ne4
9. Bb2 Nxc3 10. Bxc3 Nd7 11. cxd5 cxd5 12. Ne5 Nf6 13. Qd3 b6 14. Rfc1 Ba6 15.
Qe3 Rc8 16. Bb2 Qd6 17. Bh3 e6 18. a4 Rxc1+ 19. Rxc1 Rc8 20. Rxc8+ Bxc8 21. Qc1
Bb7 22. Ba3 Qd8 23. Bf1 Bf8 24. Bxf8 Kxf8 25. e3 Ne4 26. f3 Nd6 27. Kf2 Qc8 28.
Qxc8+ Bxc8 29. g4 f6 30. Nd3 1/2-1/2

[Event "Mitropa Cup 29th"]
[Site "Chur"]
[Date "2010.05.30"]
[Round "2"]
[White "Krejci, Jan1"]
[Black "Prusikin, Michael"]
[Result "1-0"]
[WhiteElo "2455"]
[BlackElo "2520"]
[PlyCount "95"]
[EventDate "2010.05.29"]
[EventType "team-tourn"]
[EventRounds "9"]
[EventCountry "SUI"]
[Source "ChessBase"]
[SourceDate "2010.07.02"]
[WhiteTeam "Czech Republic"]
[BlackTeam "Germany"]
[WhiteTeamCountry "CZE"]
[BlackTeamCountry "GER"]

1. e4 e6 2. d4 d5 3. Nc3 Nf6 4. e5 Nfd7 5. f4 c5 6. Nf3 Nc6 7. Be3 Be7 8. Qd2
O-O 9. Be2 a6 10. O-O b5 11. a3 Bb7 12. Nd1 cxd4 13. Nxd4 Nc5 14. Nxc6 Bxc6 15.
Qc3 d4 16. Bxd4 Rc8 17. Qe3 Qd7 18. b4 Na4 19. Nf2 Qb7 20. Qh3 f5 21. exf6 Bxf6
22. Bxf6 Rxf6 23. Bd3 Rh6 24. Qg3 Kh8 25. Ng4 Rh5 26. Rae1 Bd5 27. Re5 Rxe5 28.
Nxe5 Be4 29. Qh3 Bxd3 30. cxd3 Qb6+ 31. Kh1 h6 32. Qg3 Rc7 33. h3 Nc3 34. Qg6
Ne2 35. Qe8+ Kh7 36. Qg6+ Kh8 37. Kh2 Qe3 38. Qe8+ Kh7 39. Qg6+ Kh8 40. Qe8+
Kh7 41. Qxe6 Qg3+ 42. Kh1 Qe3 43. Qg6+ Kg8 44. Kh2 Nxf4 45. Qf5 Ne2 46. Qe6+
Kh7 47. Qg6+ Kg8 48. Ng4 1-0

[Event "Mitropa Cup 29th"]
[Site "Chur"]
[Date "2010.05.30"]
[Round "2"]
[White "Simacek, Pavel"]
[Black "Huschenbeth, Niclas"]
[Result "1/2-1/2"]
[WhiteElo "2518"]
[BlackElo "2457"]
[PlyCount "124"]
[EventDate "2010.05.29"]
[EventType "team-tourn"]
[EventRounds "9"]
[EventCountry "SUI"]
[Source "ChessBase"]
[SourceDate "2010.07.02"]
[WhiteTeam "Czech Republic"]
[BlackTeam "Germany"]
[WhiteTeamCountry "CZE"]
[BlackTeamCountry "GER"]

1. e4 e5 2. Nf3 Nc6 3. d4 exd4 4. Nxd4 Nf6 5. Nxc6 bxc6 6. e5 Qe7 7. Qe2 Nd5 8.
c4 Ba6 9. b3 g6 10. g3 Bg7 11. Bb2 O-O 12. Bg2 Rfe8 13. O-O Bxe5 14. Qxe5 Qxe5
15. Bxe5 Rxe5 16. f4 Re3 17. cxd5 Bxf1 18. Kxf1 Rae8 19. Nd2 Re2 20. Rd1 cxd5
21. Bxd5 Rxh2 22. Bg2 d6 23. b4 Re3 24. Nf3 Rh5 25. a4 Rb3 26. g4 Rh3 27. Nd4
Rhd3 28. Rxd3 Rxd3 29. Nc6 a6 30. a5 Ra3 31. Kf2 Kf8 32. Bf1 Rc3 33. Nb8 c5 34.
bxc5 dxc5 35. Bxa6 Ke7 36. Bb7 Kd6 37. a6 Kc7 38. Nd7 c4 39. Nf6 Rd3 40. Ke2
Kb6 41. Nd5+ Ka7 42. Ne7 Ra3 43. g5 Ra2+ 44. Ke3 c3 45. Kd3 c2 46. Kd2 Ra4 47.
Kxc2 Rxf4 48. Kb3 Kb8 49. Bd5 Rf1 50. Kb4 f6 51. gxf6 Rxf6 52. Kb5 Rf1 53. Bc4
Rb1+ 54. Kc5 g5 55. Bb5 g4 56. Kb6 g3 57. Nc6+ Ka8 58. Nd4 g2 59. Nf3 h5 60.
Ng1 h4 61. Nh3 Kb8 62. Ng1 Ka8 1/2-1/2

[Event "Mitropa Cup 29th"]
[Site "Chur"]
[Date "2010.05.30"]
[Round "2"]
[White "Hug, Werner"]
[Black "Roser, Kevin"]
[Result "1/2-1/2"]
[WhiteElo "2463"]
[BlackElo "2429"]
[PlyCount "31"]
[EventDate "2010.05.29"]
[EventType "team-tourn"]
[EventRounds "9"]
[EventCountry "SUI"]
[Source "ChessBase"]
[SourceDate "2010.07.02"]
[WhiteTeam "Switzerland"]
[BlackTeam "France"]
[WhiteTeamCountry "SUI"]
[BlackTeamCountry "FRA"]

1. d4 Nf6 2. Nf3 e6 3. Bg5 c5 4. e3 Be7 5. Nbd2 cxd4 6. exd4 b6 7. c3 Bb7 8.
Bd3 d6 9. O-O Nbd7 10. Re1 O-O 11. Nc4 Qc7 12. Ne3 Rfe8 13. Qe2 a6 14. Bh4 Bf8
15. Rad1 h6 16. Nd2 1/2-1/2

[Event "Mitropa Cup 29th"]
[Site "Chur"]
[Date "2010.05.30"]
[Round "2"]
[White "Jenni, Florian"]
[Black "Fargere, Francois"]
[Result "1/2-1/2"]
[WhiteElo "2520"]
[BlackElo "2489"]
[PlyCount "136"]
[EventDate "2010.05.29"]
[EventType "team-tourn"]
[EventRounds "9"]
[EventCountry "SUI"]
[Source "ChessBase"]
[SourceDate "2010.07.02"]
[WhiteTeam "Switzerland"]
[BlackTeam "France"]
[WhiteTeamCountry "SUI"]
[BlackTeamCountry "FRA"]

1. Nf3 Nf6 2. g3 b5 3. Bg2 Bb7 4. d4 e6 5. O-O d5 6. Bg5 Nbd7 7. a4 b4 8. c4
bxc3 9. bxc3 Be7 10. c4 dxc4 11. Nbd2 Rc8 12. Nxc4 c5 13. dxc5 Nxc5 14. Qxd8+
Rxd8 15. Nfe5 Bd5 16. Rfd1 Rc8 17. Na5 Nfe4 18. Bxe7 Kxe7 19. Rac1 f6 20. Bxe4
Bxe4 21. Nb3 fxe5 22. Nxc5 Bc6 23. f3 Rhf8 24. Kf2 g5 25. Ke3 Bd5 26. a5 h6 27.
Ne4 Kd7 28. Nc3 Rc5 29. Nxd5 Rxd5 30. Rb1 Rc8 31. Rd3 Rc7 32. Rb8 Rc8 33. Rb7+
Rc7 34. Rb8 Ke7 35. a6 Rd6 36. Rh8 Rxd3+ 37. exd3 Kd6 38. Rxh6 Rc6 39. Rg6 Rxa6
40. Rxg5 Ra2 41. h4 a5 42. Rg4 a4 43. h5 a3 44. Ra4 Ke7 45. f4 Kf6 46. fxe5+
Kxe5 47. Kf3 Kf6 48. Kg4 Ra1 49. Ra5 a2 50. Ra3 Kg7 51. Ra6 Kf7 52. d4 Kf6 53.
Ra7 Rd1 54. Rxa2 Rxd4+ 55. Kh3 Re4 56. Ra5 e5 57. h6 Rd4 58. Ra7 Kg6 59. Ra6+
Kg5 60. h7 Rd8 61. Re6 Rh8 62. Rxe5+ Kg6 63. Kg4 Rxh7 64. Re6+ Kf7 65. Ra6 Rh1
66. Kg5 Rb1 67. g4 Kg8 68. Rh6 Rb8 1/2-1/2

[Event "Mitropa Cup 29th"]
[Site "Chur"]
[Date "2010.05.30"]
[Round "2"]
[White "Monroy, Charles"]
[Black "Gallagher, Joseph G"]
[Result "1/2-1/2"]
[WhiteElo "2459"]
[BlackElo "2493"]
[PlyCount "116"]
[EventDate "2010.05.29"]
[EventType "team-tourn"]
[EventRounds "9"]
[EventCountry "SUI"]
[Source "ChessBase"]
[SourceDate "2010.07.02"]
[WhiteTeam "France"]
[BlackTeam "Switzerland"]
[WhiteTeamCountry "FRA"]
[BlackTeamCountry "SUI"]

1. d4 Nf6 2. c4 g6 3. g3 Bg7 4. Bg2 O-O 5. Nc3 d6 6. Nf3 Nbd7 7. O-O e5 8. e4
c6 9. Re1 Qa5 10. d5 cxd5 11. cxd5 b5 12. a3 a6 13. b4 Qc7 14. Qb3 Nb6 15. a4
bxa4 16. Nxa4 Nxa4 17. Qxa4 Bd7 18. Qa5 Qb7 19. Bf1 Bb5 20. Bd2 Nxe4 21. Rxe4
Qxd5 22. Rae1 f5 23. R4e3 e4 24. Bc3 Bxc3 25. Rxc3 exf3 26. Rc7 Rae8 27. Qa1
Re5 28. Re7 Rxe7 29. Rxe7 Rf7 30. Re1 Qc6 31. Bxb5 axb5 32. h4 f4 33. Kh2 fxg3+
34. Kxg3 d5 35. Qd4 Qd6+ 36. Kg4 Qd7+ 37. Kg3 Qc7+ 38. Kh3 Qd7+ 39. Kg3 Rf5 40.
Ra1 Qd6+ 41. Kg4 h5+ 42. Kh3 Qe6 43. Kg3 Qd6+ 44. Kh3 Rf4 45. Ra8+ Kf7 46. Ra7+
Ke6 47. Qe3+ Re4 48. Qg5 Rg4 49. Qe3+ Re4 50. Qg5 Rg4 51. Qe3+ Kf6 52. Rf7+
Kxf7 53. Qe8+ Kf6 54. Qxg6+ Ke7 55. Qe8+ Kf6 56. Qg6+ Ke5 57. Qf5+ Kd4 58. Qd3+
Kxd3 1/2-1/2

[Event "Mitropa Cup 29th"]
[Site "Chur"]
[Date "2010.05.30"]
[Round "2"]
[White "Tripoteau, Nicolas"]
[Black "Buss, Ralph"]
[Result "1-0"]
[WhiteElo "2425"]
[BlackElo "2430"]
[PlyCount "63"]
[EventDate "2010.05.29"]
[EventType "team-tourn"]
[EventRounds "9"]
[EventCountry "SUI"]
[Source "ChessBase"]
[SourceDate "2010.07.02"]
[WhiteTeam "France"]
[BlackTeam "Switzerland"]
[WhiteTeamCountry "FRA"]
[BlackTeamCountry "SUI"]

1. d4 Nf6 2. Nf3 d5 3. e3 c5 4. dxc5 e6 5. b4 a5 6. c3 axb4 7. cxb4 b6 8. Bb5+
Bd7 9. Bxd7+ Nbxd7 10. O-O bxc5 11. b5 Bd6 12. Bb2 O-O 13. a4 c4 14. Nbd2 Qa5
15. Nxc4 Bxh2+ 16. Nxh2 dxc4 17. Qd4 Rfc8 18. Bc3 e5 19. Qd2 Qb6 20. Qb2 Ne4
21. a5 Qc5 22. Rfb1 Rcb8 23. b6 Ra6 24. Nf3 f6 25. Nd2 Nxd2 26. Qxd2 Qc6 27.
Rb4 Rba8 28. Rd1 Nf8 29. Qd5+ Qxd5 30. Rxd5 Rc8 31. Rbb5 Ne6 32. Rd6 1-0

[Event "Mitropa Cup 29th"]
[Site "Chur"]
[Date "2010.05.30"]
[Round "2"]
[White "Lenic, Luka"]
[Black "Rapport, Richard"]
[Result "1/2-1/2"]
[WhiteElo "2592"]
[BlackElo "2509"]
[PlyCount "60"]
[EventDate "2010.05.29"]
[EventType "team-tourn"]
[EventRounds "9"]
[EventCountry "SUI"]
[Source "ChessBase"]
[SourceDate "2010.07.02"]
[WhiteTeam "Slovenia"]
[BlackTeam "Hungary"]
[WhiteTeamCountry "SLO"]
[BlackTeamCountry "HUN"]

1. e4 c5 2. Nf3 d6 3. d4 cxd4 4. Nxd4 Nf6 5. f3 e5 6. Bb5+ Nbd7 7. Nf5 d5 8.
exd5 a6 9. Ba4 b5 10. Bb3 Nb6 11. Ne3 Bc5 12. Nc3 Bb7 13. Qd3 O-O 14. Bd2 Bd4
15. Rd1 Nbd7 16. Nf5 Nc5 17. Qe2 Qd7 18. Ng3 Nxb3 19. axb3 Nxd5 20. Nxd5 Qxd5
21. Nf5 Rfe8 22. Be3 Qe6 23. Bxd4 Qxf5 24. Be3 Rac8 25. Rd2 e4 26. f4 Qf6 27.
O-O Qxb2 28. f5 Qf6 29. Bd4 Qg5 30. Be3 Qf6 1/2-1/2

[Event "Mitropa Cup 29th"]
[Site "Chur"]
[Date "2010.05.30"]
[Round "2"]
[White "Papp, Gabor"]
[Black "Borisek, Jure"]
[Result "1-0"]
[WhiteElo "2534"]
[BlackElo "2561"]
[PlyCount "87"]
[EventDate "2010.05.29"]
[EventType "team-tourn"]
[EventRounds "9"]
[EventCountry "SUI"]
[Source "ChessBase"]
[SourceDate "2010.07.02"]
[WhiteTeam "Hungary"]
[BlackTeam "Slovenia"]
[WhiteTeamCountry "HUN"]
[BlackTeamCountry "SLO"]

1. e4 e5 2. Nf3 Nc6 3. Bb5 a6 4. Ba4 Nf6 5. O-O Be7 6. d3 d6 7. c3 O-O 8. Re1
Bg4 9. h3 Bh5 10. Nbd2 Nd7 11. Nf1 Nc5 12. Bxc6 bxc6 13. Ng3 Bxf3 14. Qxf3 Ne6
15. Nf5 Bf6 16. Qg4 Kh8 17. Ne3 g6 18. Qd1 Bg7 19. Nc4 c5 20. Qa4 f5 21. f3 f4
22. Bd2 h5 23. Qc6 g5 24. Kf2 Qb8 25. a4 Qc8 26. a5 Rb8 27. Qa4 Qb7 28. Qc2
Rbd8 29. Re2 Bf6 30. Rh1 Kg7 31. Ke1 d5 32. exd5 Rxd5 33. Kd1 Rfd8 34. Rhe1
Rxd3 35. Kc1 Qc8 36. Rxe5 Bxe5 37. Nxe5 c4 38. Nxd3 cxd3 39. Qa4 Rd6 40. Re5 c5
41. h4 c4 42. hxg5 Rc6 43. Qb4 Qc7 44. Bxf4 1-0

[Event "Mitropa Cup 29th"]
[Site "Chur"]
[Date "2010.05.30"]
[Round "2"]
[White "Sipos, Istvan"]
[Black "Tomazini, Aljosa"]
[Result "1/2-1/2"]
[WhiteElo "2461"]
[BlackElo "2231"]
[PlyCount "103"]
[EventDate "2010.05.29"]
[EventType "team-tourn"]
[EventRounds "9"]
[EventCountry "SUI"]
[Source "ChessBase"]
[SourceDate "2010.07.02"]
[WhiteTeam "Hungary"]
[BlackTeam "Slovenia"]
[WhiteTeamCountry "HUN"]
[BlackTeamCountry "SLO"]

1. e4 Nf6 2. e5 Nd5 3. d4 d6 4. Nf3 dxe5 5. Nxe5 c6 6. Be2 Bf5 7. O-O Nd7 8.
Bg4 Bxg4 9. Qxg4 Nxe5 10. dxe5 Qc8 11. Qe4 g6 12. c4 Nc7 13. Nd2 Qf5 14. Qxf5
gxf5 15. Nf3 e6 16. Be3 Be7 17. Rfd1 c5 18. Rd3 Na6 19. a3 Rd8 20. Rxd8+ Bxd8
21. b4 Be7 22. b5 Nb8 23. a4 Rg8 24. g3 Nd7 25. a5 Bd8 26. a6 b6 27. Bf4 Nf8
28. Re1 Ng6 29. Bh6 Nh4 30. Nd2 Ng6 31. Kf1 Bc7 32. Nf3 Nf8 33. h4 Nd7 34. Bf4
Bd8 35. Rd1 Bc7 36. Ke2 Bb8 37. Ke3 Bc7 38. Ke2 Bb8 39. Ke3 Bc7 40. Rd2 Bb8 41.
Ke2 Bc7 42. h5 Bb8 43. Rd1 Bc7 44. Kf1 Nf8 45. Bh6 Nd7 46. Bf4 Nf8 47. Ng5 Ke7
48. Ke2 Ke8 49. Ke3 Ke7 50. Ke2 Ke8 51. Ke3 Ke7 52. Ke2 1/2-1/2

[Event "Mitropa Cup 29th"]
[Site "Chur"]
[Date "2010.05.30"]
[Round "2"]
[White "Zorko, Jure"]
[Black "Szabo, Krisztian"]
[Result "1/2-1/2"]
[WhiteElo "2440"]
[BlackElo "2506"]
[PlyCount "42"]
[EventDate "2010.05.29"]
[EventType "team-tourn"]
[EventRounds "9"]
[EventCountry "SUI"]
[Source "ChessBase"]
[SourceDate "2010.07.02"]
[WhiteTeam "Slovenia"]
[BlackTeam "Hungary"]
[WhiteTeamCountry "SLO"]
[BlackTeamCountry "HUN"]

1. e4 e5 2. Nf3 Nc6 3. Bb5 a6 4. Ba4 b5 5. Bb3 Nf6 6. d3 Bc5 7. O-O d6 8. c3 h6
9. Re1 O-O 10. Nbd2 Bb6 11. Nf1 Ne7 12. Ng3 Ng6 13. h3 Be6 14. d4 Re8 15. Bxe6
Rxe6 16. d5 Re8 17. Nh2 c6 18. dxc6 Rc8 19. Ng4 Nxg4 20. Qxg4 Rxc6 21. Nf5 Qf6
1/2-1/2

[Event "Mitropa Cup 29th"]
[Site "Chur"]
[Date "2010.05.31"]
[Round "3"]
[White "Neubauer, Martin"]
[Black "Monroy, Charles"]
[Result "1-0"]
[WhiteElo "2458"]
[BlackElo "2459"]
[PlyCount "123"]
[EventDate "2010.05.29"]
[EventType "team-tourn"]
[EventRounds "9"]
[EventCountry "SUI"]
[Source "ChessBase"]
[SourceDate "2010.07.02"]
[WhiteTeam "Austria"]
[BlackTeam "France"]
[WhiteTeamCountry "AUT"]
[BlackTeamCountry "FRA"]

1. d4 Nf6 2. c4 e6 3. Nc3 Bb4 4. Qc2 d5 5. cxd5 Qxd5 6. Nf3 Qf5 7. Qxf5 exf5 8.
Bf4 c6 9. a3 Be7 10. e3 Nbd7 11. h3 Nb6 12. Rc1 Nfd5 13. Nxd5 Nxd5 14. Bh2 Be6
15. Bd3 O-O 16. Ke2 Rad8 17. Rcg1 h5 18. Ne5 h4 19. Rc1 Rfe8 20. Nf3 Bc8 21.
Bc4 Bf6 22. Rhd1 g5 23. Ne5 Bg7 24. Kf1 Bf8 25. Nd3 Kg7 26. b4 a6 27. Rd2 f6
28. Rb2 Nb6 29. Bb3 f4 30. Nc5 Bd6 31. exf4 Bxf4 32. Bxf4 gxf4 33. Rd2 f3 34.
Kg1 Nd5 35. Bxd5 Rxd5 36. gxf3 Red8 37. Rcd1 Bxh3 38. Nxb7 R8d7 39. Kh2 Bf5 40.
Na5 R7d6 41. Nc4 Rd8 42. Ne3 Be6 43. Nxd5 Bxd5 44. Rg1+ Kf7 45. Rg4 Bxf3 46.
Rf4 Bd5 47. Rxh4 Rg8 48. f4 Ke6 49. Rh5 Bf3 50. f5+ Kd5 51. Rh6 Ke4 52. Rxf6
Kf4 53. Rh6 Kxf5 54. Rf2 Ke4 55. Rf6 Rh8+ 56. Kg3 Rg8+ 57. Kh4 Rh8+ 58. Kg5
Rh5+ 59. Kg6 Rh3 60. R6xf3 Rxf3 61. Rxf3 Kxf3 62. Kf5 1-0

[Event "Mitropa Cup 29th"]
[Site "Chur"]
[Date "2010.05.31"]
[Round "3"]
[White "Platzgummer, Fabian"]
[Black "Tripoteau, Nicolas"]
[Result "1-0"]
[WhiteElo "2340"]
[BlackElo "2425"]
[PlyCount "85"]
[EventDate "2010.05.29"]
[EventType "team-tourn"]
[EventRounds "9"]
[EventCountry "SUI"]
[Source "ChessBase"]
[SourceDate "2010.07.02"]
[WhiteTeam "Austria"]
[BlackTeam "France"]
[WhiteTeamCountry "AUT"]
[BlackTeamCountry "FRA"]

1. Nf3 g6 2. c4 Bg7 3. d4 c5 4. g3 cxd4 5. Nxd4 Qb6 6. e3 Nc6 7. Nb3 d6 8. f4
Bf5 9. Bd3 h5 10. h3 Nb4 11. Bxf5 gxf5 12. a3 Na6 13. Nd4 Bxd4 14. Qxd4 Qc6 15.
O-O Nf6 16. b4 Rg8 17. Kh2 Nc7 18. b5 Qd7 19. Bb2 Ne6 20. Qd1 Ne4 21. Rg1 Qc7
22. Qd5 Qb6 23. Bc1 Rc8 24. Qxf5 Rxc4 25. Nd2 Nxd2 26. Bxd2 Qc5 27. Qh7 Rg7 28.
Qh8+ Kd7 29. Qb8 Nd8 30. Rac1 Rxc1 31. Bxc1 Rg8 32. a4 Re8 33. Bd2 Qc2 34. Rg2
Qxa4 35. Bc3 a6 36. bxa6 Qxa6 37. Rb2 f5 38. Bd4 Qa3 39. Rc2 Nf7 40. Qxb7+ Ke6
41. e4 Qa8 42. Qb3+ d5 43. exf5+ 1-0

[Event "Mitropa Cup 29th"]
[Site "Chur"]
[Date "2010.05.31"]
[Round "3"]
[White "Roser, Kevin"]
[Black "Kreisl, Robert"]
[Result "0-1"]
[WhiteElo "2429"]
[BlackElo "2374"]
[PlyCount "68"]
[EventDate "2010.05.29"]
[EventType "team-tourn"]
[EventRounds "9"]
[EventCountry "SUI"]
[Source "ChessBase"]
[SourceDate "2010.07.02"]
[WhiteTeam "France"]
[BlackTeam "Austria"]
[WhiteTeamCountry "FRA"]
[BlackTeamCountry "AUT"]

1. e4 c6 2. d4 d5 3. Nc3 dxe4 4. Nxe4 Bf5 5. Ng3 Bg6 6. h4 h6 7. Nf3 Nd7 8. h5
Bh7 9. Bd3 Bxd3 10. Qxd3 e6 11. Bd2 Ngf6 12. O-O-O Be7 13. Qe2 O-O 14. Nf1 Nb6
15. Kb1 Na4 16. b3 Nb6 17. g4 a5 18. g5 hxg5 19. h6 g6 20. c3 a4 21. b4 Nfd5
22. Ng3 a3 23. Rdg1 Na4 24. Kc2 b6 25. Ne4 c5 26. Nexg5 cxd4 27. Nxf7 d3+ 28.
Kc1 dxe2 29. Nxd8 Raxd8 30. Rxg6+ Kh8 31. Nd4 Rxf2 32. Re1 Ndxc3 33. Be3 Rf1
34. Rg1 e5 0-1

[Event "Mitropa Cup 29th"]
[Site "Chur"]
[Date "2010.05.31"]
[Round "3"]
[White "Doric, Darko"]
[Black "Petenyi, Tamas"]
[Result "1-0"]
[WhiteElo "2452"]
[BlackElo "2381"]
[PlyCount "93"]
[EventDate "2010.05.29"]
[EventType "team-tourn"]
[EventRounds "9"]
[EventCountry "SUI"]
[Source "ChessBase"]
[SourceDate "2010.07.02"]
[WhiteTeam "Croatia"]
[BlackTeam "Slovakia"]
[WhiteTeamCountry "CRO"]
[BlackTeamCountry "SVK"]

1. d4 d5 2. c4 c6 3. Nc3 Nf6 4. cxd5 cxd5 5. Bf4 Qb6 6. e3 e6 7. Bd3 Bd7 8.
Nge2 Nh5 9. Be5 Nc6 10. O-O Be7 11. a3 f6 12. Bg3 Nxg3 13. hxg3 O-O 14. b4 Be8
15. Na4 Qd8 16. Nc5 Bxc5 17. bxc5 Bh5 18. f3 Qe7 19. Kf2 Bf7 20. Qc2 h6 21.
Rab1 e5 22. Rb5 Rfe8 23. Qd2 Rab8 24. Rfb1 Kf8 25. a4 Kg8 26. R5b3 a6 27. Rb6
Qc7 28. a5 Qe7 29. Ra1 Qc7 30. Bc2 exd4 31. exd4 Rxe2+ 32. Kxe2 Qxg3 33. Kf1
Qh4 34. Rd1 Qh1+ 35. Kf2 Qh4+ 36. Kg1 Re8 37. Ba4 Re6 38. Bxc6 bxc6 39. Rxa6
Bg6 40. Rb6 Bc2 41. Rc1 Bd3 42. Qxd3 Re1+ 43. Rxe1 Qxe1+ 44. Qf1 Qe3+ 45. Qf2
Qc1+ 46. Kh2 Qf4+ 47. g3 1-0

[Event "Mitropa Cup 29th"]
[Site "Chur"]
[Date "2010.05.31"]
[Round "3"]
[White "Jovanovic, Zoran2"]
[Black "Meszaros, Michal"]
[Result "1/2-1/2"]
[WhiteElo "2520"]
[BlackElo "2393"]
[PlyCount "136"]
[EventDate "2010.05.29"]
[EventType "team-tourn"]
[EventRounds "9"]
[EventCountry "SUI"]
[Source "ChessBase"]
[SourceDate "2010.07.02"]
[WhiteTeam "Croatia"]
[BlackTeam "Slovakia"]
[WhiteTeamCountry "CRO"]
[BlackTeamCountry "SVK"]

1. e4 e5 2. Nf3 Nc6 3. Bc4 Nf6 4. d3 Be7 5. O-O O-O 6. Re1 d6 7. a4 h6 8. a5 a6
9. Nc3 Re8 10. Nd5 Nxd5 11. Bxd5 Bf6 12. c3 Ne7 13. Ba2 c5 14. Nd2 Be6 15. Nc4
Ng6 16. Nb6 Rb8 17. Qh5 Bg5 18. g3 Bxc1 19. Rexc1 Nf8 20. b4 Nd7 21. bxc5 dxc5
22. Bxe6 Rxe6 23. Nd5 c4 24. dxc4 Nc5 25. Rd1 Nxe4 26. Qf3 Nc5 27. Nb6 Qe7 28.
Rd5 e4 29. Qe3 Nd3 30. Rb1 Qa3 31. Rd4 Rbe8 32. Nd5 Qxa5 33. Kg2 Nc5 34. Nf4
Re5 35. Rbd1 Qc7 36. Rd5 a5 37. Rxe5 Rxe5 38. Nd5 Qc6 39. Rb1 a4 40. Qd4 Re8
41. Rb6 Qc8 42. Rd6 Nb3 43. Ne7+ Rxe7 44. Rd8+ Kh7 45. Rxc8 Nxd4 46. cxd4 Rd7
47. d5 b5 48. cxb5 Rxd5 49. Ra8 Rxb5 50. Rxa4 f5 51. h4 Rb2 52. Kf1 Kg6 53. Ra7
Kf6 54. Ra6+ Kf7 55. Kg1 Rd2 56. Kf1 Ke7 57. Rg6 Kf7 58. Ra6 Rd3 59. Kg2 f4 60.
gxf4 Rf3 61. Ra4 Rxf4 62. Kg3 g5 63. hxg5 hxg5 64. Ra6 Rf3+ 65. Kg2 Rf6 66. Ra4
Re6 67. Kg3 Kg6 68. Kg4 Rf6 1/2-1/2

[Event "Mitropa Cup 29th"]
[Site "Chur"]
[Date "2010.05.31"]
[Round "3"]
[White "Jurcik, Marian"]
[Black "Bosiocic, Marin"]
[Result "1/2-1/2"]
[WhiteElo "2487"]
[BlackElo "2562"]
[PlyCount "35"]
[EventDate "2010.05.29"]
[EventType "team-tourn"]
[EventRounds "9"]
[EventCountry "SUI"]
[Source "ChessBase"]
[SourceDate "2010.07.02"]
[WhiteTeam "Slovakia"]
[BlackTeam "Croatia"]
[WhiteTeamCountry "SVK"]
[BlackTeamCountry "CRO"]

1. Nf3 f5 2. d4 g6 3. c3 Bg7 4. Qc2 Nf6 5. Nbd2 d5 6. Ne5 e6 7. Ndf3 Ne4 8. h4
c5 9. Bf4 cxd4 10. cxd4 O-O 11. a3 Bd7 12. e3 Nc6 13. Nxc6 bxc6 14. Bd3 c5 15.
O-O Rc8 16. Ba6 Rc6 17. Bb5 Rc8 18. Ba6 1/2-1/2

[Event "Mitropa Cup 29th"]
[Site "Chur"]
[Date "2010.05.31"]
[Round "3"]
[White "Pacher, Milan"]
[Black "Martinovic, Sasa"]
[Result "0-1"]
[WhiteElo "2396"]
[BlackElo "2515"]
[PlyCount "74"]
[EventDate "2010.05.29"]
[EventType "team-tourn"]
[EventRounds "9"]
[EventCountry "SUI"]
[Source "ChessBase"]
[SourceDate "2010.07.02"]
[WhiteTeam "Slovakia"]
[BlackTeam "Croatia"]
[WhiteTeamCountry "SVK"]
[BlackTeamCountry "CRO"]

1. d4 Nf6 2. c4 c5 3. d5 e5 4. Nc3 d6 5. e4 Be7 6. Bd3 Nbd7 7. Nge2 h5 8. f3 h4
9. Be3 Nf8 10. Qd2 a6 11. O-O-O Ng6 12. Kb1 Bd7 13. g3 Qa5 14. Nc1 b5 15. N3e2
Qb6 16. Nb3 Rb8 17. Na5 Bd8 18. Nc6 Bxc6 19. dxc6 Qxc6 20. Nc3 Ba5 21. Qc2 Bxc3
22. Qxc3 Nf8 23. cxb5 axb5 24. b4 Ne6 25. bxc5 Nxc5 26. gxh4 O-O 27. Bc2 Rfc8
28. Bxc5 Qxc5 29. Qd3 Qb4+ 30. Qb3 Qa5 31. Rd3 Rc5 32. Qb2 d5 33. Qxe5 Rbc8 34.
Bb3 dxe4 35. Qe7 exd3 36. Qxf7+ Kh8 37. Rg1 Qc7 0-1